Normal view
MARC view
Entry Personal Name
001 - CONTROL NUMBER
- control field: 36719
003 - CONTROL NUMBER IDENTIFIER
- control field: ARRUPE
005 - DATE AND TIME OF LATEST TRANSACTION
- control field: 20171005114122.0
008 - FIXED-LENGTH DATA ELEMENTS
- fixed length control field: 171005|| aca||aabn | a|a d
040 ## - CATALOGING SOURCE
- Original cataloging agency: ARRUPE
- Transcribing agency: ARRUPE
100 ## - HEADING--PERSONAL NAME
- Personal name: Brady, Frank.
670 ## - SOURCE DATA FOUND
- Source citation: Work cat.: (ARRUPE)0: Brady, Frank., Poetry: past and present, [1974]